[Event "ChessOrg Schachfestival 2024 Bad Wörishofen"]
[White "Rubke, Manfred"]
[Black "Wegemund, Hubert"]
[Site "Bad Woerishofen"]
[Round "4.16"]
[Annotator "wempe"]
[Result "1/2-1/2"]
[Date "2024.??.??"]
[WhiteElo "2109"]
[BlackElo "1963"]
[PlyCount "40"]
[GameId "2101641876365987"]
[EventDate "2024.03.11"]

1. c4 f5 2. Nf3 d6 3. g3 Nf6 4. Nc3 g6 5. Bg2 Bg7 6. O-O e5 7. d3 O-O 8. Qc2 Nc6 9. a3 Ne7 10. e4 f4 11. Ne2 Nh5 12. h3 h6 13. g4 Nf6 14. d4 Nh7 15. Bd2 g5 16. Bc3 Ng6 17. Rfd1 Qe8 18. Rd3 Nh4 19. Nxh4 gxh4 20. f3 h5 1/2-1/2

[Event "ChessOrg Schachfestival 2024 Bad Wörishofen"]
[White "Diotallevi, Maurizio"]
[Black "Oberhofer, Max"]
[Site "Bad Woerishofen"]
[Round "4.17"]
[Annotator "wempe"]
[Result "1/2-1/2"]
[Date "2024.??.??"]
[WhiteElo "1959"]
[BlackElo "2084"]
[PlyCount "58"]
[GameId "2101670632129198"]
[EventDate "2024.03.11"]

1. Nf3 Nf6 2. d4 e6 3. c4 c5 4. Nc3 cxd4 5. Nxd4 d5 6. e3 Nc6 7. cxd5 Nxd5 8. Nxc6 bxc6 9. e4 Nb4 10. Qxd8+ Kxd8 11. Bg5+ f6 12. O-O-O+ Kc7 13. Be3 a5 14. a3 Na6 15. Na4 c5 16. Kb1 Bb7 17. f3 Bc6 18. Nc3 Be7 19. Bc4 Bd7 20. Bf4+ Kc8 21. Nb5 e5 22. Be3 Bxb5 23. Bxb5 Nc7 24. Bc4 Rd8 25. Rxd8+ Kxd8 26. Rd1+ Ke8 27. Kc2 a4 28. Rd2 Rb8 29. Rd1 Rd8 1/2-1/2

[Event "ChessOrg Schachfestival 2024 Bad Wörishofen"]
[White "Walther, Reinhard"]
[Black "Halli, Gerhard"]
[Site "Bad Woerishofen"]
[Round "4.18"]
[Annotator "wempe"]
[Result "0-1"]
[Date "2024.??.??"]
[WhiteElo "1999"]
[BlackElo "1928"]
[PlyCount "112"]
[GameId "2101672201437881"]
[EventDate "2024.03.11"]

1. d4 Nf6 2. Bg5 d5 3. e3 e6 4. c4 Be7 5. Nc3 c6 6. Nf3 Nbd7 7. Qc2 Nh5 8. h4 h6 9. Bxe7 Qxe7 10. Be2 Nhf6 11. Ne5 Nxe5 12. dxe5 Nd7 13. f4 Qc5 14. Qd2 Nb6 15. b3 O-O 16. cxd5 Nxd5 17. Nxd5 exd5 18. Rc1 Qb6 19. Kf2 f6 20. exf6 Rxf6 21. g3 Bf5 22. Bf3 Re8 23. Rhe1 Be4 24. Qd4 Bxf3 25. Qxb6 axb6 26. Kxf3 Rfe6 27. Rcd1 Re4 28. Re2 h5 29. Rd3 Kf7 30. Rg2 Kf6 31. g4 hxg4+ 32. Rxg4 b5 33. h5 Rh8 34. Rg6+ Kf7 35. Rg5 Rhe8 36. Rg6 Rh8 37. Rg5 Rhe8 38. Rg3 R4e6 39. Kg4 Rh8 40. Kg5 Reh6 41. Rh3 g6 42. e4 Rxh5+ 43. Rxh5 Rxh5+ 44. Kg4 dxe4 45. Re3 Rh2 46. a4 bxa4 47. bxa4 Rg2+ 48. Kh3 Rb2 49. Rxe4 b5 50. axb5 cxb5 51. Re5 b4 52. Rb5 b3 53. Kg4 Rb1 54. f5 gxf5+ 55. Rxf5+ Ke6 56. Rb5 b2 0-1

[Event "ChessOrg Schachfestival 2024 Bad Wörishofen"]
[White "Wuest, Klaus"]
[Black "Neumann, Joachim"]
[Site "Bad Woerishofen"]
[Round "4.20"]
[Annotator "wempe"]
[Result "0-1"]
[Date "2024.??.??"]
[WhiteElo "1937"]
[BlackElo "2062"]
[PlyCount "108"]
[GameId "2101674634318536"]
[EventDate "2024.03.11"]

1. e4 c5 2. Nf3 Nc6 3. Bb5 e6 4. O-O Nge7 5. Re1 a6 6. Bf1 d5 7. exd5 Nxd5 8. d4 Nf6 9. c3 cxd4 10. cxd4 Be7 11. Nc3 O-O 12. a3 b5 13. Be3 Bb7 14. Rc1 Rc8 15. Bd3 b4 16. axb4 Nxb4 17. Bb1 Nbd5 18. Ne5 Bb4 19. Qd3 Nxc3 20. bxc3 Be4 21. Qxa6 Bxc3 22. Red1 Bb2 23. Rxc8 Qxc8 24. Qxc8 Rxc8 25. Bxe4 Nxe4 26. Nd3 Ba3 27. Ra1 Be7 28. Rc1 Rxc1+ 29. Nxc1 Nc3 30. Kf1 f5 31. Nd3 Bf6 32. g3 Kf7 33. f3 Ke7 34. Ne5 Kd6 35. Nc4+ Kd5 36. Nb6+ Kc6 37. Nc4 Nb5 38. Ke2 Nxd4+ 39. Bxd4 Bxd4 40. Kd3 Kd5 41. f4 h6 42. Nd2 g5 43. Nf3 Bf6 44. h3 g4 45. hxg4 fxg4 46. Nd2 Bd4 47. Ne4 Bg7 48. Nd2 e5 49. fxe5 Bxe5 50. Ne4 Ke6 51. Nf2 h5 52. Nh1 Kf5 53. Ke3 Bc7 54. Nf2 Bxg3 0-1

[Event "ChessOrg Schachfestival 2024 Bad Wörishofen"]
[White "Harsch, Martin"]
[Black "Bruchmann, Norbert"]
[Site "Bad Woerishofen"]
[Round "4.21"]
[Annotator "wempe"]
[Result "1/2-1/2"]
[Date "2024.??.??"]
[WhiteElo "1942"]
[BlackElo "2057"]
[PlyCount "56"]
[GameId "2101674937193176"]
[EventDate "2024.03.11"]

1. e4 e6 2. d4 d5 3. Nd2 Nc6 4. Ngf3 Nf6 5. e5 Nd7 6. Be2 Be7 7. Nf1 O-O 8. Ne3 f6 9. exf6 Nxf6 10. O-O Bd6 11. c4 b6 12. a3 a5 13. Bd2 a4 14. Rc1 Bd7 15. Qc2 Qe8 16. Rfe1 h6 17. cxd5 exd5 18. Nf5 Bxf5 19. Qxf5 Ne7 20. Qe6+ Kh8 21. Bd3 Qh5 22. Ne5 Rae8 23. Be2 Qh4 24. g3 Qxd4 25. Bc3 Bxe5 26. Qxe5 Qxe5 27. Bxe5 c6 28. Bc7 b5 1/2-1/2

[Event "ChessOrg Schachfestival 2024 Bad Wörishofen"]
[White "Rick, Uwe"]
[Black "Hafner, Robert"]
[Site "Bad Woerishofen"]
[Round "4.22"]
[Annotator "wempe"]
[Result "1/2-1/2"]
[Date "2024.??.??"]
[WhiteElo "2021"]
[BlackElo "1953"]
[PlyCount "66"]
[GameId "2101686667817699"]
[EventDate "2024.03.11"]

1. d4 d5 2. c4 c6 3. Nc3 Nf6 4. e3 Bf5 5. cxd5 cxd5 6. Qb3 Bc8 7. Nf3 e6 8. Bd3 Nc6 9. O-O Be7 10. Bd2 O-O 11. Rfc1 Bd7 12. Qd1 Qc7 13. a3 Rfc8 14. b4 Qd8 15. Na4 Be8 16. Nc5 b6 17. Na4 a5 18. Qb3 axb4 19. axb4 Ne4 20. Be1 Nxd4 21. Nxd4 Rxc1 22. Rxc1 Bxa4 23. Qb1 Be8 24. Bxe4 dxe4 25. Qxe4 Rc8 26. Ra1 Qc7 27. h3 h6 28. Bd2 Bd6 29. f4 Bd7 30. Ra8 Rxa8 31. Qxa8+ Kh7 32. Qe4+ g6 33. Qd3 Be8 1/2-1/2

[Event "ChessOrg Schachfestival 2024 Bad Wörishofen"]
[White "Schoknecht, Sabine"]
[Black "Marshall, Michael"]
[Site "Bad Woerishofen"]
[Round "4.23"]
[Annotator "wempe"]
[Result "1-0"]
[Date "2024.??.??"]
[WhiteElo "1816"]
[BlackElo "1874"]
[PlyCount "79"]
[GameId "2101687291667182"]
[EventDate "2024.03.11"]

1. b3 e5 2. Bb2 d6 3. e3 Nc6 4. Be2 Nf6 5. d3 Be7 6. Nc3 O-O 7. Nf3 Re8 8. h4 Bg4 9. Nh2 Be6 10. g4 Rf8 11. g5 Ne8 12. Rg1 f5 13. f4 a6 14. Bf3 Rb8 15. Nd5 exf4 16. exf4 Qd7 17. Nxe7+ Nxe7 18. Qd2 c5 19. h5 Nc6 20. O-O-O d5 21. Rde1 d4 22. Qg2 Rd8 23. a3 Bd5 24. Re2 Bxf3 25. Nxf3 Nc7 26. Rge1 Rfe8 27. Ne5 Nxe5 28. Rxe5 Rxe5 29. Rxe5 Re8 30. Rxc5 Qd6 31. Rxf5 Re1+ 32. Kd2 Qe6 33. Bxd4 Rb1 34. Re5 Qd6 35. Bc5 Qd8 36. Qe4 Qc8 37. Bb6 g6 38. Bxc7 Qxc7 39. Re8+ Kf7 40. Qe6+ 1-0

[Event "ChessOrg Schachfestival 2024 Bad Wörishofen"]
[White "Bjorgvik, Jan Arne"]
[Black "Steinhart, Matthias"]
[Site "Bad Woerishofen"]
[Round "4.24"]
[Annotator "wempe"]
[Result "1/2-1/2"]
[Date "2024.??.??"]
[WhiteElo "1858"]
[BlackElo "1768"]
[PlyCount "49"]
[GameId "2101703263113977"]
[EventDate "2024.03.11"]

1. e4 e5 2. Nf3 Nc6 3. Bc4 Nf6 4. Nc3 Nxe4 5. Nxe4 d5 6. Bd3 dxe4 7. Bxe4 Bd6 8. h3 O-O 9. O-O Re8 10. d3 h6 11. Re1 Ne7 12. Nd2 f5 13. Bf3 c6 14. b3 Be6 15. Bb2 Ng6 16. Bh5 Bf7 17. Nc4 Qc7 18. Qf3 Nf4 19. Bxf7+ Kxf7 20. Re3 Re6 21. Nxd6+ Qxd6 22. Bxe5 Nxh3+ 23. Qxh3 Rxe5 24. Rae1 Rae8 25. Qh5+ 1/2-1/2

[Event "ChessOrg Schachfestival 2024 Bad Wörishofen"]
[White "James, Kevin"]
[Black "Weinwurm, Wolfgang"]
[Site "Bad Woerishofen"]
[Round "4.25"]
[Annotator "wempe"]
[Result "0-1"]
[Date "2024.??.??"]
[WhiteElo "1892"]
[BlackElo "2016"]
[PlyCount "48"]
[GameId "2101704065573636"]
[EventDate "2024.03.11"]

1. d4 Nf6 2. c4 g6 3. Nc3 d5 4. cxd5 Nxd5 5. Bd2 Bg7 6. e4 Nxc3 7. Bxc3 O-O 8. Be2 c5 9. d5 e6 10. Nf3 exd5 11. exd5 Qd6 12. Qd2 Nd7 13. Bxg7 Kxg7 14. Qc3+ Kg8 15. Rd1 Re8 16. Kf1 Rb8 17. h4 Nf6 18. h5 Nxh5 19. Ng5 Qe5 20. Qd2 Nf4 21. Bb5 Qxg5 22. g3 Bh3+ 23. Kg1 Re4 24. Qc1 Qg4 0-1

[Event "ChessOrg Schachfestival 2024 Bad Wörishofen"]
[White "Hinz, Holger"]
[Black "Heid, Michael"]
[Site "Bad Woerishofen"]
[Round "4.26"]
[Annotator "wempe"]
[Result "1-0"]
[Date "2024.??.??"]
[WhiteElo "2001"]
[BlackElo "1944"]
[PlyCount "73"]
[GameId "2101705124823823"]
[EventDate "2024.03.11"]

1. e4 c6 2. d3 d5 3. Nd2 dxe4 4. dxe4 e5 5. Ngf3 Qc7 6. Nc4 Nd7 7. a4 f6 8. a5 Nc5 9. Qe2 Bg4 10. b4 Ne6 11. c3 Ne7 12. h3 Bh5 13. Be3 Bg6 14. Rd1 Nc8 15. Qc2 Be7 16. Bd3 O-O 17. O-O Nd6 18. Nxd6 Bxd6 19. Nh4 Bf7 20. Nf5 Rfd8 21. Qe2 Bf8 22. Qg4 Kh8 23. Bc4 Ng5 24. Bxf7 Nxf7 25. Bc5 Nd6 26. Bxd6 Bxd6 27. Nxd6 Rxd6 28. Rxd6 Qxd6 29. Rd1 Qf8 30. Rd7 Rb8 31. Rc7 h6 32. Qd7 Rd8 33. Qe7 Qxe7 34. Rxe7 Rb8 35. Rc7 Kg8 36. Kf1 Kf8 37. Ke2 1-0

[Event "ChessOrg Schachfestival 2024 Bad Wörishofen"]
[White "Scharrer, Udo"]
[Black "Cerpnjak, Mirko"]
[Site "Bad Woerishofen"]
[Round "4.27"]
[Annotator "wempe"]
[Result "1-0"]
[Date "2024.??.??"]
[WhiteElo "1986"]
[BlackElo "1839"]
[PlyCount "105"]
[GameId "2101705666708250"]
[EventDate "2024.03.11"]

1. d4 Nf6 2. c4 e6 3. Nc3 Bb4 4. Qc2 c5 5. dxc5 Bxc5 6. Bf4 Nc6 7. Nf3 a6 8. e3 h6 9. h3 O-O 10. Be2 Re8 11. O-O e5 12. Bg3 d6 13. Rfd1 Qc7 14. a3 a5 15. Rd2 Be6 16. Bh4 Ne7 17. Bxf6 gxf6 18. Ne4 Kg7 19. Nxc5 dxc5 20. Nh4 f5 21. g4 Kf6 22. Qc3 Rg8 23. Kf1 fxg4 24. Bxg4 Bxg4 25. hxg4 Rxg4 26. Nf3 Ng6 27. Rad1 Re8 28. Rd7 Qc8 29. R1d5 Re6 30. Qxa5 Rxc4 31. Rc7 b6 32. Qa7 Qe8 33. Rdd7 Rc1+ 34. Ke2 Ne7 35. Qa4 c4 36. Nd2 Qg8 37. Ne4+ Kf5 38. Ng3+ Kf6 39. Kd2 Rg1 40. Qxc4 Rxg3 41. fxg3 Qxg3 42. Qf1+ Kg6 43. Rxe7 Rd6+ 44. Kc2 Rf6 45. Qd3+ Kg7 46. Kb3 Rf3 47. Rc3 h5 48. Qe4 Kf6 49. Rxe5 Qxe5 50. Qxf3+ Kg7 51. Qf4 Qd5+ 52. Qc4 Qd1+ 53. Ka2 1-0

[Event "ChessOrg Schachfestival 2024 Bad Wörishofen"]
[White "Van Amerongen-Jansen, Peggy"]
[Black "Kierzek, Mira"]
[Site "Bad Woerishofen"]
[Round "4.28"]
[Annotator "wempe"]
[Result "1/2-1/2"]
[Date "2024.??.??"]
[WhiteElo "1938"]
[BlackElo "1977"]
[PlyCount "55"]
[GameId "2101710617166641"]
[EventDate "2024.03.11"]

1. e4 c5 2. Nf3 e6 3. d4 cxd4 4. Nxd4 a6 5. a3 Nf6 6. Nc3 Qc7 7. Bd3 Nc6 8. Nf3 Be7 9. O-O O-O 10. h3 b5 11. Qe2 d6 12. Bf4 Bb7 13. Bg5 h6 14. Bh4 Rfe8 15. Rfe1 Rad8 16. Nd1 d5 17. e5 Nd7 18. Bxe7 Rxe7 19. c3 Nc5 20. b4 Nxd3 21. Qxd3 Red7 22. Nb2 Rc8 23. Rac1 Ne7 24. Nd4 Nc6 25. Qe2 Qb6 26. Nd3 Nxd4 27. cxd4 Rc4 28. Nc5 1/2-1/2

[Event "ChessOrg Schachfestival 2024 Bad Wörishofen"]
[White "Larem, Ewald"]
[Black "Kamm, Guenter"]
[Site "Bad Woerishofen"]
[Round "4.29"]
[Annotator "wempe"]
[Result "1-0"]
[Date "2024.??.??"]
[WhiteElo "1977"]
[BlackElo "1881"]
[PlyCount "41"]
[GameId "2101711554724667"]
[EventDate "2024.03.11"]

1. d4 Nf6 2. c4 c5 3. d5 b5 4. cxb5 a6 5. e3 axb5 6. Bxb5 Bb7 7. Nc3 e6 8. e4 Nxe4 9. Nge2 Nd6 10. Bf4 Qb6 11. a4 exd5 12. Nxd5 Bxd5 13. Qxd5 Qa5+ 14. Bd2 Qa7 15. Qe5+ Kd8 16. Bg5+ f6 17. Bxf6+ gxf6 18. Qxf6+ Ke8 19. Qe5+ Kf7 20. Ra3 Qa5+ 21. Kd1 1-0

[Event "ChessOrg Schachfestival 2024 Bad Wörishofen"]
[White "Jahn, Peter"]
[Black "Kurpiela, Franz"]
[Site "Bad Woerishofen"]
[Round "4.30"]
[Annotator "wempe"]
[Result "1-0"]
[Date "2024.??.??"]
[WhiteElo "2064"]
[BlackElo "1800"]
[PlyCount "95"]
[GameId "2101712318104389"]
[EventDate "2024.03.11"]

1. d4 Nf6 2. Nf3 e6 3. g3 b6 4. Bg2 Bb7 5. O-O c5 6. dxc5 Bxc5 7. c4 O-O 8. Nc3 Nc6 9. Bf4 Re8 10. Qd2 Bb4 11. Qc2 Bxc3 12. Qxc3 Rc8 13. Rfd1 Na5 14. b3 d5 15. Qb2 Qe7 16. cxd5 Bxd5 17. Bg5 Be4 18. Rd2 Rc7 19. Ne5 Bxg2 20. Ng4 Bh3 21. Bxf6 Qb4 22. Be5 Rc5 23. Rd4 Qb5 24. Bxg7 Bxg4 25. Rxg4 Rg5 26. Rxg5 Qxg5 27. Bf6 Qf5 28. Bc3 Nb7 29. Rd1 Nc5 30. f3 h5 31. Qd2 e5 32. Kg2 Ne6 33. e4 Qg6 34. Bxe5 f6 35. Bc3 Rd8 36. Qc2 Rxd1 37. Qxd1 f5 38. Qc2 f4 39. Be5 fxg3 40. hxg3 Nc5 41. Qc4+ Kh7 42. Qd5 h4 43. Qd8 h3+ 44. Kh2 Qf7 45. Qh4+ Kg6 46. Qg4+ Kh7 47. Qf5+ Qxf5 48. exf5 1-0

[Event "ChessOrg Schachfestival 2024 Bad Wörishofen"]
[White "Schmieder, Siegfried"]
[Black "Lange, Manfred"]
[Site "Bad Woerishofen"]
[Round "4.31"]
[Annotator "wempe"]
[Result "0-1"]
[Date "2024.??.??"]
[WhiteElo "1892"]
[BlackElo "2036"]
[PlyCount "84"]
[GameId "2101713906017103"]
[EventDate "2024.03.11"]

1. e4 c5 2. Nc3 Nc6 3. Bb5 Nd4 4. Bc4 g6 5. Nge2 Bg7 6. Nxd4 cxd4 7. Qf3 e6 8. Nb5 d6 9. Qa3 Bf8 10. Nxd4 Bd7 11. Qe3 a6 12. d3 Bg7 13. c3 b5 14. Bb3 a5 15. a3 Ne7 16. O-O O-O 17. Kh1 Qc7 18. f4 Qc5 19. Ne2 Qc7 20. g4 Bc6 21. Ng3 d5 22. Kg1 Qb7 23. e5 b4 24. Bc2 d4 25. Qxd4 Rad8 26. Qf2 b3 27. Bd1 Rxd3 28. Be2 Rd7 29. Be3 Rfd8 30. c4 Nc8 31. Rad1 Bf8 32. f5 exf5 33. gxf5 Rxd1 34. Bxd1 a4 35. Bg5 Re8 36. Re1 Nb6 37. Qd4 Nd7 38. Ne4 Bxe4 39. Qxe4 Qxe4 40. Rxe4 Rxe5 41. Rxe5 Nxe5 42. Be2 Bxa3 0-1

[Event "ChessOrg Schachfestival 2024 Bad Wörishofen"]
[White "Neese, Hans-Joachim"]
[Black "Zwetz, Anita"]
[Site "Bad Woerishofen"]
[Round "4.32"]
[Annotator "wempe"]
[Result "1-0"]
[Date "2024.??.??"]
[WhiteElo "2042"]
[BlackElo "1887"]
[PlyCount "77"]
[GameId "2101715165836122"]
[EventDate "2024.03.11"]

1. d4 d5 2. Nf3 c6 3. Bf4 Bf5 4. e3 Qb6 5. Qc1 e6 6. Nbd2 Nd7 7. c4 Ngf6 8. Be2 h6 9. h3 Be7 10. O-O c5 11. a3 a5 12. b3 O-O 13. Qb2 cxd4 14. exd4 Qa6 15. Rfe1 dxc4 16. Nxc4 b5 17. Ne3 Be4 18. a4 Qb6 19. axb5 Bb4 20. Nd2 Bd5 21. Rec1 Bxd2 22. Qxd2 Bxb3 23. Bc7 Qb7 24. Bxa5 Bd5 25. Rc7 Qb8 26. Nxd5 exd5 27. Qb4 Re8 28. Bf1 Nb6 29. Rac1 Nfd7 30. Bxb6 Nxb6 31. Qc5 Ra7 32. Rc6 Rb7 33. g3 Rd8 34. Bd3 g6 35. Qc2 Rd6 36. Qe2 Qd8 37. h4 Qf6 38. Qe8+ Kg7 39. Rc8 1-0

[Event "ChessOrg Schachfestival 2024 Bad Wörishofen"]
[White "Kirby, Peter"]
[Black "Kolas, Matija"]
[Site "Bad Woerishofen"]
[Round "4.33"]
[Annotator "wempe"]
[Result "1-0"]
[Date "2024.??.??"]
[WhiteElo "1980"]
[BlackElo "1872"]
[PlyCount "58"]
[GameId "2102401418265448"]
[EventDate "2024.03.11"]

1. d4 d5 2. c4 e6 3. Nc3 f5 4. e3 Nf6 5. Bd3 c6 6. Nge2 Bd6 7. f3 O-O 8. O-O Nh5 9. Bd2 Nd7 10. e4 f4 11. e5 Bc7 12. Qc2 Nxe5 13. dxe5 Bb6+ 14. Kh1 Qg5 15. Na4 Qxe5 16. Nxb6 axb6 17. Bxh7+ Kh8 18. Bd3 Ng3+ 19. hxg3 fxg3 20. Kg1 dxc4 21. Qxc4 Ra4 22. Qc3 Qc7 23. Be1 Ra5 24. Bxg3 Qf7 25. Kf2 Rh5 26. Nf4 Qxf4 27. Bxf4 Rxf4 28. Rh1 Rfh4 29. Rxh4 Rxh4 1-0

[Event "ChessOrg Schachfestival 2024 Bad Wörishofen"]
[White "Heilinger, Dietmar"]
[Black "Eschle, Hubert"]
[Site "Bad Woerishofen"]
[Round "4.34"]
[Annotator "wempe"]
[Result "1/2-1/2"]
[Date "2024.??.??"]
[WhiteElo "2018"]
[BlackElo "1860"]
[PlyCount "51"]
[GameId "2102402342331249"]
[EventDate "2024.03.11"]

1. c4 Nf6 2. g3 g6 3. Bg2 Bg7 4. Nc3 c5 5. e4 Nc6 6. Nge2 d6 7. O-O O-O 8. d3 e6 9. h3 Qe7 10. f4 Bd7 11. Be3 Ne8 12. d4 cxd4 13. Nxd4 Rc8 14. b3 e5 15. Nxc6 bxc6 16. f5 Rc7 17. Qd2 Qd8 18. Rad1 Qc8 19. g4 f6 20. Qf2 g5 21. Bxa7 c5 22. Bb6 Rb7 23. Nd5 Bc6 24. Ba5 Qa8 25. Bc3 Rff7 26. Rd2 1/2-1/2

[Event "ChessOrg Schachfestival 2024 Bad Wörishofen"]
[White "Speicher, Franz"]
[Black "Schinnerl, Werner"]
[Site "Bad Woerishofen"]
[Round "4.35"]
[Annotator "wempe"]
[Result "1-0"]
[Date "2024.??.??"]
[WhiteElo "1885"]
[BlackElo "1983"]
[PlyCount "76"]
[GameId "2102402695529338"]
[EventDate "2024.03.11"]

1. e4 c5 2. Nf3 d6 3. d4 cxd4 4. Qxd4 Nc6 5. Qe3 Nf6 6. Nc3 Ng4 7. Qd2 Bd7 8. h3 Nge5 9. Be2 Nxf3+ 10. Bxf3 Ne5 11. Be2 Ng6 12. b3 Qa5 13. Nb5 Qxd2+ 14. Bxd2 Kd8 15. O-O Bxb5 16. Bxb5 Ne5 17. Rfd1 Nc6 18. Bc3 a6 19. Be2 Kc7 20. Rd2 e5 21. Rad1 Rd8 22. b4 b5 23. a4 Na7 24. axb5 Nxb5 25. Bxb5 axb5 26. Bxe5 f6 27. Bg3 Be7 28. Ra1 Ra8 29. Rc1 Ra6 30. Rd5 Rb8 31. c4 Rc6 32. c5 Rd8 33. cxd6+ Bxd6 34. Bxd6+ Rdxd6 35. Rxc6+ Kxc6 36. Rxd6+ Kxd6 37. f4 g5 38. g3 h5 1-0

[Event "ChessOrg Schachfestival 2024 Bad Wörishofen"]
[White "Di Lazzaro, Gabriele"]
[Black "Nordby, Bernt"]
[Site "Bad Woerishofen"]
[Round "4.36"]
[Annotator "wempe"]
[Result "1/2-1/2"]
[Date "2024.??.??"]
[WhiteElo "1880"]
[BlackElo "1971"]
[PlyCount "49"]
[GameId "2102403066639235"]
[EventDate "2024.03.11"]

1. e4 e6 2. d4 d5 3. Nc3 Bb4 4. e5 Qd7 5. a3 Bxc3+ 6. bxc3 b6 7. Qg4 f5 8. Qg3 Ba6 9. Bxa6 Nxa6 10. Ne2 O-O-O 11. a4 Nb8 12. a5 Nc6 13. axb6 cxb6 14. O-O Na5 15. Ra2 Kb7 16. Bg5 Ra8 17. Rb1 Nc4 18. h4 Ne7 19. Bc1 Rhg8 20. Nf4 a5 21. Nd3 Kc7 22. Nb2 Qc6 23. Nd3 Kd7 24. Bg5 Rae8 25. Bc1 1/2-1/2

[Event "ChessOrg Schachfestival 2024 Bad Wörishofen"]
[White "Wild, Helmut"]
[Black "Schroeder, Klaus"]
[Site "Bad Woerishofen"]
[Round "4.37"]
[Annotator "wempe"]
[Result "1-0"]
[Date "2024.??.??"]
[WhiteElo "1953"]
[BlackElo "1857"]
[PlyCount "47"]
[GameId "2102416260326284"]
[EventDate "2024.03.11"]

1. c4 e6 2. e4 c5 3. Nf3 d5 4. exd5 exd5 5. cxd5 Qxd5 6. Nc3 Qe6+ 7. Be2 Be7 8. d4 cxd4 9. Nxd4 Qb6 10. O-O Nf6 11. Ndb5 a6 12. Be3 Qd8 13. Qxd8+ Bxd8 14. Nd6+ Kd7 15. Nxf7 Re8 16. Rfd1+ Ke7 17. Nxd8 Rxd8 18. Rxd8 Kxd8 19. Rd1+ Ke8 20. Nd5 Nxd5 21. Rxd5 Nc6 22. Bf3 Be6 23. Rd6 Bxa2 24. Rxc6 1-0

[Event "ChessOrg Schachfestival 2024 Bad Wörishofen"]
[White "Bauer, Wolfgang"]
[Black "Svanholm, Borge Waaktaar"]
[Site "Bad Woerishofen"]
[Round "4.39"]
[Annotator "wempe"]
[Result "1/2-1/2"]
[Date "2024.??.??"]
[WhiteElo "1936"]
[BlackElo "1838"]
[PlyCount "80"]
[GameId "2102421932336030"]
[EventDate "2024.03.11"]

1. c4 Nf6 2. Nc3 g6 3. g3 Bg7 4. Bg2 O-O 5. e4 d6 6. Nge2 c5 7. O-O Nc6 8. d3 a6 9. Rb1 Rb8 10. a3 b5 11. cxb5 axb5 12. b4 cxb4 13. axb4 Bd7 14. d4 Qc8 15. Qb3 Bh3 16. Rd1 Bxg2 17. Kxg2 e5 18. d5 Ne7 19. f3 Qb7 20. Be3 Rfc8 21. Ra1 Ra8 22. Ra5 Rxa5 23. bxa5 b4 24. a6 Qxa6 25. Qxb4 Nd7 26. Qb5 Qxb5 27. Nxb5 Rc2 28. Kf1 Nc8 29. Ra1 Kf8 30. Ra6 Ke7 31. Bc1 Nf6 32. Ba3 Ne8 33. Ke1 Bh6 34. f4 f6 35. Kd1 Rc4 36. Kd2 Rxe4 37. Kd3 f5 38. Nbc3 Nc7 39. Rc6 Rxe2 40. Kxe2 Kd7 1/2-1/2

[Event "ChessOrg Schachfestival 2024 Bad Wörishofen"]
[White "Hilbenz, Guntram"]
[Black "McAndrew, Robert"]
[Site "Bad Woerishofen"]
[Round "4.40"]
[Annotator "wempe"]
[Result "1/2-1/2"]
[Date "2024.??.??"]
[WhiteElo "1871"]
[BlackElo "1935"]
[PlyCount "75"]
[GameId "2102422963573671"]
[EventDate "2024.03.11"]

1. c4 Nf6 2. Nf3 g6 3. g3 Bg7 4. Bg2 O-O 5. O-O c5 6. Nc3 Nc6 7. a3 d6 8. Rb1 a5 9. d3 h6 10. Bd2 e5 11. Ne1 Be6 12. Nd5 Rb8 13. Nc2 Bxd5 14. cxd5 Nd4 15. b4 axb4 16. axb4 b5 17. Nxd4 cxd4 18. Qb3 Qd7 19. Rfc1 Rfc8 20. Rc6 Rxc6 21. dxc6 Qe6 22. c7 Rc8 23. Qxe6 fxe6 24. Rc1 Nd5 25. Bxd5 exd5 26. f3 Kf7 27. Kf2 Ke6 28. Rc6 Kd7 29. Rb6 Kxc7 30. Rxb5 e4 31. fxe4 dxe4 32. dxe4 Rf8+ 33. Ke1 Re8 34. Ra5 Kb7 35. Ra3 Rxe4 36. Kf2 g5 37. Kf3 Re7 38. g4 1/2-1/2

[Event "ChessOrg Schachfestival 2024 Bad Wörishofen"]
[White "Kastner, Reinhard"]
[Black "Huber, Helmut"]
[Site "Bad Woerishofen"]
[Round "4.41"]
[Annotator "wempe"]
[Result "1-0"]
[Date "2024.??.??"]
[WhiteElo "1934"]
[BlackElo "1830"]
[PlyCount "41"]
[GameId "2102423921079216"]
[EventDate "2024.03.11"]

1. e4 c5 2. d4 cxd4 3. c3 Nf6 4. e5 Nd5 5. Bc4 Nb6 6. Bb3 e6 7. Nf3 Be7 8. O-O Nc6 9. cxd4 O-O 10. Nc3 a6 11. a3 d6 12. Qe2 dxe5 13. dxe5 Qc7 14. Bf4 Na5 15. Ba2 Bd7 16. Rac1 Qb8 17. Rfd1 Rd8 18. Be3 Qa7 19. b4 Ba4 20. Nxa4 Rxd1+ 21. Rxd1 1-0

[Event "ChessOrg Schachfestival 2024 Bad Wörishofen"]
[White "Traversi, Carlo"]
[Black "Fischer, Johann"]
[Site "Bad Woerishofen"]
[Round "4.42"]
[Annotator "wempe"]
[Result "1/2-1/2"]
[Date "2024.??.??"]
[WhiteElo "1676"]
[BlackElo "1733"]
[PlyCount "84"]
[GameId "2102424250192825"]
[EventDate "2024.03.11"]

1. e4 e5 2. Nf3 d6 3. Nc3 Bg4 4. Be2 Nf6 5. d3 Be7 6. O-O O-O 7. Be3 c6 8. h3 Bh5 9. Nh2 Bxe2 10. Nxe2 d5 11. f4 exf4 12. Rxf4 Bd6 13. Rf1 dxe4 14. Bd4 Nbd7 15. Ng4 Nxg4 16. hxg4 Qh4 17. Nf4 Bc5 18. Bxc5 Nxc5 19. dxe4 Nxe4 20. Nh5 g6 21. Qd4 gxh5 22. Qxe4 Qxg4 23. Rf4 Qg5 24. Raf1 Rae8 25. Qc4 Qd5 26. Qc3 Re5 27. Qh3 Rg5 28. Rf5 Rxf5 29. Rxf5 Qd1+ 30. Kh2 Qg4 31. Qd3 Re8 32. Qd7 Qh4+ 33. Kg1 Qe7 34. Rg5+ Qxg5 35. Qxe8+ Kg7 36. Qd7 Qc1+ 37. Kh2 Qxb2 38. Qd2 h6 39. Qd3 Qe5+ 40. Kg1 Qe7 41. Qg3+ Qg5 42. Qc3+ f6 1/2-1/2

[Event "ChessOrg Schachfestival 2024 Bad Wörishofen"]
[White "Wagner, Werner"]
[Black "Bachmann, Rolf"]
[Site "Bad Woerishofen"]
[Round "4.43"]
[Annotator "wempe"]
[Result "1/2-1/2"]
[Date "2024.??.??"]
[WhiteElo "1862"]
[BlackElo "1917"]
[PlyCount "97"]
[GameId "2102425915315138"]
[EventDate "2024.03.11"]

1. d4 d5 2. Nc3 Nf6 3. Bf4 c6 4. e3 g6 5. h4 Bg7 6. h5 Nxh5 7. Rxh5 gxh5 8. Qxh5 Nd7 9. Bd3 Nf6 10. Qh4 Ne4 11. Bxe4 dxe4 12. Qg3 Kf8 13. Bc7 Qd7 14. Nxe4 Qg4 15. f3 Qxg3+ 16. Nxg3 Be6 17. N1e2 f6 18. Kf2 Rc8 19. Ba5 c5 20. Nf4 Bf7 21. d5 Bh6 22. Ne6+ Ke8 23. Nf5 Bf8 24. Nxf8 Rxf8 25. e4 Kd7 26. Rd1 Bg6 27. Ng7 Rg8 28. Ne6 b6 29. Bd2 Bf7 30. Nf4 a5 31. Bc3 Bg6 32. d6 exd6 33. Nd5 Ke6 34. Nxb6 Rc6 35. Nc4 a4 36. a3 f5 37. exf5+ Bxf5 38. Ne5 Bg6 39. Rd2 Rd8 40. Ng4 Ra6 41. Re2+ Kd7 42. Bf6 Re8 43. Rd2 Kc6 44. c4 Rb6 45. Ne3 Bf7 46. Bc3 Rb7 47. Nf5 Rd7 48. Ne3 Rde7 49. Nf5 1/2-1/2